Vista normal
Vista MARC
Entrada Materia (personas)
Número de registros utilizados en: 1
001 - CONTROL NUMBER
- control field: 88229
003 - CONTROL NUMBER IDENTIFIER
- control field: Co-BoUCM
005 - DATE AND TIME OF LATEST TRANSACTION
- control field: 20171031122246.0
008 - FIXED-LENGTH DATA ELEMENTS
- fixed length control field: 171031|| aca||aabn | a|a d
040 ## - CATALOGING SOURCE
- Original cataloging agency: Co-BoUCM
- Transcribing agency: Co-BoUCM
100 ## - HEADING--PERSONAL NAME
- Personal name: Ramírez Arango, Oscar Lubin
670 ## - SOURCE DATA FOUND
- Source citation: Work cat.: (Co-BoUCM)32998: Bioética como puente entre ciencia y sociedad, 2001